আরও ৫০৫ গাণিতিক কুইজ / (Record no. 13880)
[ view plain ]
| 000 -LEADER | |
|---|---|
| fixed length control field | 00679nam a2200217 a 4500 |
| 001 - CONTROL NUMBER | |
| JCCL Control Number | 13880 |
| 003 - CONTROL NUMBER IDENTIFIER | |
| JCCL marc code | BD-JhCC |
| 005 - DATE AND TIME OF LATEST TRANSACTION | |
| control field | 20240511102555.0 |
| 008 - FIXED-LENGTH DATA ELEMENTS--GENERAL INFORMATION | |
| fixed length control field | 230716s2014 bg |||| ||a| 000 0 ben d |
| 020 ## - INTERNATIONAL STANDARD BOOK NUMBER | |
| International Standard Book Number | 98440400336 |
| 035 ## - SYSTEM CONTROL NUMBER | |
| system control number | (BD-JhCC)13880 |
| 040 ## - CATALOGING SOURCE | |
| Original cataloging agency | BD-JhCC |
| Modifying agency | BD-JhCC |
| 041 ## - LANGUAGE CODE | |
| Language code of Book | ben |
| 082 ## - DEWEY DECIMAL CLASSIFICATION NUMBER | |
| Classification number | 510 |
| Author mark and Year | FAR 2014 |
| 100 ## - MAIN ENTRY--PERSONAL NAME | |
| Personal name | ফারুক, জাবাইর |
| 245 ## - TITLE STATEMENT | |
| Title | আরও ৫০৫ গাণিতিক কুইজ / |
| Statement of responsibility, etc | জোবাইর ফারুক |
| 260 ## - PUBLICATION, DISTRIBUTION, ETC. (IMPRINT) | |
| Place of publication, distribution, etc | ঢাকা : |
| Name of publisher, distributor, etc | অনুপম প্রকাশনী, |
| Date of publication, distribution, etc | ২০১৪. |
| 300 ## - PHYSICAL DESCRIPTION | |
| Pagination | ১৬০ পৃ. : |
| Dimensions | ২১ সেমি. |
| 650 ## - SUBJECT ADDED ENTRY--TOPICAL TERM | |
| Topical term or geographic name as entry element | Mathematices |
| 942 ## - ADDED ENTRY ELEMENTS (KOHA) | |
| Source of classification or shelving scheme | Dewey Decimal Classification |
| Koha item type | Books |
| Source of classification or shelving scheme | Damaged status | Not for loan | Home library | Current library | Shelving location | Date of accession | Cost, normal purchase price | Total Checkouts | Full call number | Barcode | Date last seen | Copy number | Method of acquisition | Koha item type | Currency | Date checked out |
|---|---|---|---|---|---|---|---|---|---|---|---|---|---|---|---|---|
| Dewey Decimal Classification | JCC Rouf Library | JCC Rouf Library | General Stacks | 200.00 | 510 FAR 2014 | 19433 | 05/11/2024 | C-1 | Purchase | Books | BDT | |||||
| Dewey Decimal Classification | JCC Rouf Library | JCC Rouf Library | General Stacks | 300.00 | 2 | 510 FAR 2014 | 19358 | 05/28/2025 | C-2 | Purchase | Books | BDT | 04/26/2025 |